[Event "Belt Road Women 2019"]
[Site "Shaoxing"]
[Date "2019.07.17"]
[Round "9.1"]
[White "Stefanova, Antoaneta"]
[Black "Harika, Dronavalli"]
[Result "1/2-1/2"]
[WhiteElo "2474"]
[BlackElo "2492"]
[Annotator "TA"]
[PlyCount "33"]
[EventDate "2019.07.08"]
[EventType "swiss"]
[EventCountry "CHN"]
[SourceTitle "playchess.com"]
[Source "ChessBase"]
[SourceQuality "1"]

{[%evp 11,33,20,16,6,13,12,19,5,2,18,13,0,16,0,0,0,0,0,0,0,0,0,0,0]} 1. d4 e6 2. c4 Nf6 3. g3 d5 4. Nf3 dxc4 5. Bg2 Bb4+ 6. Bd2 a5 {The position is equal.} 7. Qc2 {E04: Open Catalan: 5 Nf3} (7. a3 Bxd2+ 8. Nbxd2 b5 9. b3 cxb3 10. Qxb3 c6 11. O-O O-O 12. Rfc1 Bb7 13. Qb2 Nbd7 14. Ne1 Qb8 {0-1 (55) Bluebaum,M (2620)-Anand,V (2773) Germany 2019}) 7... Bxd2+ 8. Qxd2 c6 9. a4 Ne4 10. Qf4 Qb6 11. O-O Qxb2 {[%mdl 64] [#] Double Attack} 12. Na3 Nc3 $1 {[%cal Rc3e2][%mdl 64] Double Attack} ({Don't go for} 12... Qxe2 $2 13. Ne5 $18) 13. Qe3 $1 Nd5 $146 ({Predecessor:} 13... Nxe2+ 14. Kh1 Nc3 {1-0 (59) Jumabayev,R (2604)-Pavlov,S (2490) Tsaghkadzor 2017}) 14. Qe4 Nc3 15. Qe3 Nd5 16. Qe4 Nc3 17. Qe3 $1 1/2-1/2

[Event "Belt Road Women 2019"]
[Site "Shaoxing"]
[Date "2019.07.17"]
[Round "9.2"]
[White "Munguntuul, Batkhuyag"]
[Black "Guo, Qi"]
[Result "1/2-1/2"]
[WhiteElo "2412"]
[BlackElo "2375"]
[Annotator "TA"]
[PlyCount "40"]
[EventDate "2019.07.08"]
[EventType "swiss"]
[EventCountry "CHN"]
[SourceTitle "playchess.com"]
[Source "ChessBase"]
[SourceQuality "1"]

{[%evp 13,40,20,29,8,14,10,20,8,11,0,0,0,8,0,0,0,15,11,13,10,18,0,3,-14,0,0,0,0,0]} 1. e4 e5 2. Nf3 Nf6 3. d4 Nxe4 4. Nxe5 d5 5. Bd3 Nd7 6. Nxd7 Bxd7 7. O-O Be7 8. Nc3 {C43: Petroff Defence: 3 d4} (8. Nd2 Nf6 9. h3 O-O 10. Nf3 Re8 11. c3 c5 12. Be3 c4 13. Bc2 Bd6 14. Ne5 Bxe5 15. dxe5 Rxe5 {½-½ (33) Andreikin,D (2702)-Li,C (2732) China 2018}) 8... Nf6 {The position is equal.} 9. h3 O-O 10. Qf3 c6 11. Bf4 $146 ({Predecessor:} 11. Re1 Re8 12. Bg5 h6 13. Bh4 Nh7 14. Bg3 Bf6 15. Rxe8+ Qxe8 16. Ne2 Ng5 17. Qh5 Qe7 18. Bf4 Re8 19. c3 c5 {½-½ (19) Rodriguez Vila,A (2567)-Zarnicki,P (2521) Santos 2004}) 11... g6 12. Be5 Nh5 13. Ne2 (13. Rfe1 {looks sharper.} Bf6 14. Bxf6 Nxf6 15. Re5 Re8 16. Rae1) 13... Bf6 14. Bxf6 (14. Nf4 {feels hotter.} Bxe5 15. dxe5 Ng7 16. Rfe1 Re8 17. c4) 14... Qxf6 15. Qxf6 Nxf6 16. Rfe1 Rfe8 17. Nc3 Kf8 18. Kf1 Rxe1+ 19. Rxe1 Re8 20. Rxe8+ Kxe8 {Accuracy: White = 30%, Black = 65%.} 1/2-1/2

[Event "Belt Road Women 2019"]
[Site "Shaoxing"]
[Date "2019.07.17"]
[Round "9.3"]
[White "Kosteniuk, Alexandra"]
[Black "Dzagnidze, Nana"]
[Result "1/2-1/2"]
[WhiteElo "2517"]
[BlackElo "2511"]
[Annotator "TA"]
[PlyCount "167"]
[EventDate "2019.07.08"]
[EventType "swiss"]
[EventCountry "CHN"]
[SourceTitle "playchess.com"]
[Source "ChessBase"]
[SourceQuality "1"]

{[%evp 9,167,0,0,0,0,0,0,0,0,0,0,0,0,-15,27,23,93,92,88,91,74,88,72,38,47,54,54,31,38,0,37,17,35,29,17,0,21,0,0,-7,-5,-23,-20,-45,-45,-37,-24,-46,-47,-67,-46,-41,-72,-85,-49,-66,-17,-52,0,-47,-17,-29,0,0,0,0,0,0,0,0,-3,-8,-9,-12,-5,-23,-13,-17,-8,-30,0,-2,-4,0,0,0,8,3,27,26,41,-3,-4,-10,0,0,0,0,0,-33,0,-56,-57,-69,-62,-59,-58,-85,-80,-72,-62,-79,-46,-51,-35,-38,-45,-31,0,-39,-16,-22,0,-131,-148,-154,-168,-168,0,-64,0,0,0,-4,-4,-250,-4,-4,0,0,0,0,0,0,0,0,0,0,0,0,0,0,0,0,0,0,0,0,0,0]} 1. e4 c5 2. Nc3 Nc6 3. Bb5 Nd4 4. Bc4 e6 5. Nge2 Nf6 6. O-O {B23: Closed Sicilian: Lines without g3} a6 7. a4 d5 8. exd5 exd5 9. Ba2 Bd6 {aiming for ...Bxh2+!} 10. d3 Ne6 11. Ng3 O-O $146 ({Predecessor:} 11... h5 12. Nf5 Bc7 13. g3 g6 {½-½ (45) Hacker,C (2506)-Firnhaber,I (2510) GER email 2016}) 12. Nh5 d4 (12... Nxh5 $11 {remains equal.} 13. Qxh5 Nd4) 13. Nxf6+ $1 $16 Qxf6 14. Ne4 {[%mdl 64] Double Attack} Qe7 15. f4 {Black must now prevent f5.} f5 16. Ng5 h6 17. Nf3 Qc7 18. Qe1 Rf6 19. Qh4 Bd7 20. Bd2 Re8 21. a5 Kh8 {[%cal Rd6f4]} 22. Ng5 Nd8 23. Rae1 Ref8 24. Re2 Bb5 25. Nf3 c4 26. dxc4 ({Much weaker is} 26. Nxd4 Bc5 $15) 26... Bxc4 27. Bxc4 Qxc4 {[%mdl 64] Double Attack} 28. Rfe1 Nc6 29. Ne5 Bxe5 30. fxe5 Re6 31. Qf4 Qd5 32. h4 Rg6 33. Rf2 Nd8 (33... Kg8 $15) 34. Bb4 Ne6 35. Qf3 Qxf3 36. Rxf3 Rc8 37. c3 dxc3 38. Bxc3 Rc4 39. Rxf5 Rxh4 40. Bd2 Rd4 41. Rf2 Kg8 42. Kf1 Rd5 43. Bc3 Rg4 44. Rd2 Rf4+ 45. Kg1 Rxd2 46. Bxd2 $11 {[%mdl 4096] Endgame KRB-KRN} Rd4 47. Bc3 Rd3 48. Re4 Rd5 49. Rb4 Rb5 50. Rh4 Kf7 51. Kf2 Nd8 52. Rd4 Ke7 53. Rg4 g5 54. Re4 Ke6 55. Rd4 (55. Kg3 $11) 55... Nf7 $15 56. g4 $1 Nxe5 57. Re4 Kd6 58. Kg3 Nc6 59. Ra4 Rd5 60. Kf3 Ne5+ 61. Kg3 Rd3+ 62. Kg2 Nc6 63. Ra1 Ne5 64. Ra4 $1 Ng6 65. Rb4 {Strongly threatening Rb6+.} Nf4+ 66. Kh2 {[#]} (66. Kf2 $11) 66... Kd5 $1 $17 67. Bg7 Rh3+ 68. Kg1 Ne6 $2 ({Black should play} 68... Rg3+ $19 69. Kh1 Rxg4 70. Rxb7 Ne6) 69. Rxb7 (69. Bc3 $1 $11) 69... Nxg7 ({Better is} 69... Rg3+ $15 70. Kf2 Rxg4 71. Bxh6 Rh4 72. Bxg5 Nxg5) 70. Rxg7 $11 {KR-KR} Rg3+ 71. Kh2 Rxg4 {And now ...Kc6 would win.} 72. Kh3 $2 {[#]} (72. Rg6 $11 {and White is okay.}) 72... Ra4 $2 (72... Rh4+ $1 $19 73. Kg3 Kc6) 73. Rg6 {The position is equal.} Rxa5 74. Rxh6 Kc5 75. Kg4 Kc4 76. Rb6 Kc5 77. Rh6 Ra2 78. Kxg5 a5 {[%cal Ba6a5,Ba5a4][%mdl 32]} 79. Ra6 a4 80. Kf4 Kc4 81. Ke3 Kb3 82. Rb6+ Kc2 83. Rb4 Rxb2 84. Rxa4 {Accuracy: White = 50%, Black = 50%.} 1/2-1/2

[Event "Belt Road Women 2019"]
[Site "Shaoxing"]
[Date "2019.07.17"]
[Round "9.4"]
[White "Ushenina, Anna"]
[Black "Girya, Olga"]
[Result "1/2-1/2"]
[WhiteElo "2448"]
[BlackElo "2457"]
[Annotator "TA"]
[PlyCount "107"]
[EventDate "2019.07.08"]
[EventType "swiss"]
[EventCountry "CHN"]
[SourceTitle "playchess.com"]
[Source "ChessBase"]
[SourceQuality "1"]

{[%evp 16,107,22,20,2,2,0,0,0,0,5,-1,3,-3,-18,-33,-33,-82,-62,-69,-71,-88,-77,-77,-80,-80,-86,-93,-93,-90,-94,-106,-86,-83,-83,-97,-58,-57,-59,-71,-55,-83,-61,-62,-58,-63,-22,-66,-37,-78,-78,-88,-47,-84,-24,-36,-23,-46,-46,-46,-8,-10,-8,-12,-16,-29,-24,-34,-38,-59,0,0,0,0,0,0,0,0,0,0,0,0,0,0,0,0,0,0,0,0,0,0,0,0]} 1. d4 Nf6 2. c4 e6 3. Nf3 d5 4. g3 Be7 5. Bg2 O-O 6. O-O Nbd7 7. Qc2 c6 8. Rd1 b6 9. Bf4 Ba6 {E08: Closed Catalan: Main Line: 7 Qc2} 10. Nbd2 $146 (10. cxd5 cxd5 11. Ne5 Nxe5 12. dxe5 Ng4 13. h3 g5 14. Bxg5 Nxe5 15. Bxe7 Qxe7 16. e4 dxe4 17. Qxe4 {½-½ (32) Yu,Y (2751)-Ding,L (2809) Shenzhen 2019}) 10... Nh5 11. Be3 Bd6 12. Rac1 Qe7 13. a3 h6 14. c5 Bc7 15. cxb6 axb6 16. Nb3 Nhf6 17. Re1 Rfc8 18. Qb1 Bd6 19. Bf4 Bxf4 20. gxf4 c5 21. Ne5 Bb5 22. Rc3 Ba4 23. Nxd7 Qxd7 24. dxc5 Bxb3 $1 25. c6 Qd6 {[#] ...Bc4 is the strong threat.} 26. Rxb3 Rxc6 27. e3 Rac8 28. Qd3 Rc2 29. h3 Nd7 30. Rb4 Qe7 31. Rf1 Qf6 32. Qb5 R8c7 33. Rd4 Qe7 34. Qb3 Qc5 (34... f5 $17) 35. Rfd1 {[%cal Rg2d5]} Nf6 36. Qb4 Rc6 37. Bf3 Rc1 (37... g5 {is more complex.} 38. Qb3 Kg7 39. fxg5 hxg5 40. Kg2 Nd7) 38. Qxc5 Rxd1+ 39. Rxd1 bxc5 $11 {[%mdl 4096] Endgame KRB-KRN} 40. b3 Rb6 41. Rd3 Kf8 42. Rc3 Ke7 ({Better is} 42... Nd7 $15) 43. Rxc5 {The position is equal.} Rxb3 44. Rc7+ Nd7 45. Ra7 Kd6 46. Kg2 g5 47. f5 exf5 {[#]} 48. Bxd5 $1 {[%mdl 512]} Kxd5 49. Rxd7+ {[%mdl 64] Double Attack. KR-KR} Ke6 50. Ra7 f4 51. exf4 gxf4 52. Ra6+ Kf5 53. Rxh6 Rxa3 54. Rh5+ {Accuracy: White = 68%, Black = 58%.} 1/2-1/2

[Event "Belt Road Women 2019"]
[Site "Shaoxing"]
[Date "2019.07.17"]
[Round "9.5"]
[White "Zhu, Jiner"]
[Black "Tan, Zhongyi"]
[Result "1/2-1/2"]
[WhiteElo "2454"]
[BlackElo "2511"]
[Annotator "TA"]
[PlyCount "54"]
[EventDate "2019.07.08"]
[EventType "swiss"]
[EventCountry "CHN"]
[SourceTitle "playchess.com"]
[Source "ChessBase"]
[SourceQuality "1"]

{[%evp 18,54,17,15,19,13,20,13,19,11,16,18,17,16,10,17,12,7,23,0,5,6,9,10,3,0,18,21,44,18,25,20,23,14,20,0,0,0,5]} 1. e4 e5 2. Nf3 Nc6 3. Bb5 Nf6 4. O-O Nxe4 5. Re1 Nd6 6. Nxe5 Be7 7. Bf1 Nxe5 8. Rxe5 O-O 9. d4 Bf6 10. Re1 Re8 {C67: Ruy Lopez: Berlin Defence: 4 0-0 Nxe4} 11. c3 Rxe1 12. Qxe1 Ne8 13. Bf4 d5 14. Nd2 c6 15. Qe3 g6 16. Nf3 Ng7 17. Re1 Be6 {[#]} 18. Be5 $146 ({Predecessor:} 18. Ne5 Qa5 19. a3 Re8 20. Nd3 Qd8 21. Qd2 Bf5 22. Rxe8+ Qxe8 23. Qe3 Qxe3 {½-½ (23) Vachier Lagrave,M (2796)-Grischuk,A (2742) Sharjah 2017}) 18... Be7 19. Bd3 f6 20. Bf4 {[#] And now Bh6 would win.} Bd6 21. h4 Bxf4 22. Qxf4 Qf8 23. a4 Re8 24. a5 Nh5 25. Qc7 Qf7 {The position is equal.} 26. Qxf7+ Kxf7 27. g3 Ng7 {Accuracy: White = 62%, Black = 76%.} 1/2-1/2

[Event "Belt Road Women 2019"]
[Site "Shaoxing"]
[Date "2019.07.17"]
[Round "9.6"]
[White "Ni, Shiqun"]
[Black "Lei, Tingjie"]
[Result "1/2-1/2"]
[WhiteElo "2407"]
[BlackElo "2505"]
[Annotator "TA"]
[PlyCount "58"]
[EventDate "2019.07.08"]
[EventType "swiss"]
[EventCountry "CHN"]
[SourceTitle "playchess.com"]
[Source "ChessBase"]
[SourceQuality "1"]

{[%evp 9,58,11,21,29,25,29,27,31,27,17,7,7,13,12,11,13,10,9,8,0,0,0,12,0,0,0,0,0,0,0,0,0,0,0,0,-13,-10,-20,-15,-15,-11,-13,-6,-7,-11,-9,0,0,0,0,0]} 1. e4 c5 2. Nf3 d6 3. Bb5+ Nd7 {[%cal Bb8d7,Bd7e5,Be5f3][%mdl 32]} 4. O-O a6 5. Bd3 Ngf6 6. Re1 {B51: Sicilian: Moscow Variation (3 Bb5+) without 3...Bd7} g6 7. c3 Bh6 8. Bf1 {White has an edge.} Ne5 9. h3 $146 ({Predecessor:} 9. Nxe5 dxe5 10. a4 O-O 11. Na3 Be6 12. Nc4 Qc7 {½-½ (45) Karjakin,S (2785)-Salem,A (2656) Doha 2016}) 9... Nxf3+ {The position is equal.} 10. Qxf3 O-O 11. Na3 e5 12. d4 Bxc1 13. Raxc1 b5 14. Rcd1 {And now dxe5 would win.} Qe7 15. dxc5 dxc5 16. Qd3 Be6 17. c4 Rad8 18. Qf3 b4 19. Nc2 Rxd1 20. Rxd1 Rd8 21. Rxd8+ Qxd8 22. Qd3 Qa5 23. a3 bxa3 24. bxa3 Kg7 25. g3 Bd7 26. Qe3 Ba4 27. Ne1 $1 Bc6 28. Nf3 Bxe4 29. Nxe5 Qc7 {Accuracy: White = 68%, Black = 85%.} 1/2-1/2

[Event "Belt Road Women 2019"]
[Site "Shaoxing"]
[Date "2019.07.17"]
[Round "9.7"]
[White "Munkhzul, Turmunkh"]
[Black "Khademalsharieh, Sarasadat"]
[Result "1/2-1/2"]
[WhiteElo "2386"]
[BlackElo "2481"]
[Annotator "RC"]
[PlyCount "126"]
[EventDate "2019.07.08"]
[EventType "swiss"]
[EventCountry "CHN"]
[SourceTitle "playchess.com"]
[Source "ChessBase"]
[SourceQuality "1"]
[TimeControl "5400+30"]

1. e4 {[%emt 0:00:00]} e5 {[%emt 0:00:00]} 2. d4 {[%emt 0:00:00]} exd4 {[%emt 0:00:00]} 3. Qxd4 {[%emt 0:00:00]} Nc6 {[%emt 0:00:19]} 4. Qe3 {[%emt 0:00:10]} Nf6 {[%emt 0:00:29]} 5. Bd2 {[%emt 0:00:22]} Bb4 {[%emt 0:04:26]} 6. a3 {[%emt 0:00:50]} Bxd2+ {[%emt 0:00:38]} 7. Nxd2 {[%emt 0:00:08]} O-O {[%emt 0:00:04]} 8. O-O-O {[%emt 0:01:00]} Re8 {[%emt 0:02:58]} 9. f3 {[%emt 0:11:50]} d5 {[%emt 0:07:41]} 10. g4 {[%emt 0:16:17]} dxe4 {[%emt 0:03:41]} 11. Nxe4 {[%emt 0:00:29]} Bd7 {[%emt 0:00:08]} 12. Nh3 {[%emt 0:05:22]} Nxe4 {[%emt 0:08:55]} 13. fxe4 {[%emt 0:00:07]} Qe7 {[%emt 0:00:05]} 14. Nf2 {[%emt 0:00:22]} Ne5 {[%emt 0:00:04]} 15. g5 {[%emt 0:05:50]} b5 {[%emt 0:00:45]} 16. h4 {[%emt 0:02:36]} a5 {[%emt 0:08:02]} 17. h5 {[%emt 0:07:29]} b4 {[%emt 0:01:42]} 18. a4 {[%emt 0:02:45]} Bxa4 {[%emt 0:10:41]} 19. h6 {[%emt 0:00:23]} g6 {[%emt 0:01:51]} 20. Rd5 {[%emt 0:01:53]} Bd7 {[%emt 0:01:10]} 21. Nd3 {[%emt 0:05:39]} Nxd3+ {[%emt 0:05:17]} 22. Bxd3 {[%emt 0:00:32]} Be6 {[%emt 0:00:58]} 23. Qd4 {[%emt 0:01:34]} Qf8 {[%emt 0:00:07]} 24. Rc5 {[%emt 0:00:47]} Rad8 {[%emt 0:03:36]} 25. Qf2 {[%emt 0:04:20]} a4 {[%emt 0:01:37]} 26. Kb1 {[%emt 0:07:18]} a3 {[%emt 0:02:50]} 27. Bb5 {[%emt 0:09:37]} Qd6 {[%emt 0:00:22]} 28. b3 {[%emt 0:01:02]} Rf8 {[%emt 0:01:01]} 29. e5 {[%emt 0:07:19]} Qd4 {[%emt 0:00:11]} 30. Qxd4 {[%emt 0:00:05]} Rxd4 {[%emt 0:00:04]} 31. Rxc7 {[%emt 0:01:30]} Rg4 {[%emt 0:10:55]} 32. Bd7 {[%emt 0:04:23]} Bxd7 {[%emt 0:00:37]} 33. Rxd7 {[%emt 0:00:05]} Rxg5 {[%emt 0:00:04]} 34. e6 {[%emt 0:00:28]} fxe6 {[%emt 0:00:04]} 35. Rg7+ {[%emt 0:00:06]} Kh8 {[%emt 0:00:03]} 36. Re7 {[%emt 0:00:12]} e5 {[%emt 0:00:35]} 37. Rh4 {[%emt 0:00:33]} Rg1+ {[%emt 0:05:23]} 38. Ka2 {[%emt 0:00:05]} Rg2 {[%emt 0:00:14]} 39. Rc7 {[%emt 0:01:27]} Rg8 {[%emt 0:00:16]} 40. Rxb4 {[%emt 0:00:10]} Rh2 {[%emt 0:00:04]} 41. Kxa3 {[%emt 0:00:11]} Rxh6 {[%emt 0:00:05]} 42. Re7 {[%emt 0:00:09]} g5 {[%emt 0:00:23]} 43. Rg4 {[%emt 0:00:34]} Ra6+ {[%emt 0:00:53]} 44. Kb4 {[%emt 0:01:34]} h5 {[%emt 0:00:06]} 45. Rg1 {[%emt 0:00:13]} h4 {[%emt 0:01:12]} 46. Rxe5 {[%emt 0:00:05]} Rag6 {[%emt 0:00:07]} 47. c4 {[%emt 0:01:11]} h3 {[%emt 0:00:13]} 48. c5 {[%emt 0:00:30]} g4 {[%emt 0:00:24]} 49. Rh5+ {[%emt 0:00:27]} Kg7 {[%emt 0:00:05]} 50. c6 {[%emt 0:00:16]} Rc8 {[%emt 0:00:52]} 51. Rh4 {[%emt 0:00:43]} Rcxc6 {[%emt 0:01:41]} 52. Rgxg4 {[%emt 0:00:14]} Rxg4+ {[%emt 0:00:06]} 53. Rxg4+ {[%emt 0:00:04]} Rg6 {[%emt 0:00:05]} 54. Rh4 {[%emt 0:00:15]} Rh6 {[%emt 0:00:04]} 55. Rg4+ {[%emt 0:00:04]} Kf6 {[%emt 0:00:04]} 56. Rg1 {[%emt 0:00:03]} Kf5 {[%emt 0:00:26]} 57. Kc5 {[%emt 0:00:14]} h2 {[%emt 0:01:28]} 58. Rh1 {[%emt 0:00:07]} Kf4 {[%emt 0:00:03]} 59. b4 {[%emt 0:00:04]} Kg3 {[%emt 0:00:04]} 60. b5 {[%emt 0:00:05]} Kg2 {[%emt 0:00:11]} 61. Rxh2+ {[%emt 0:00:04]} Rxh2 {[%emt 0:00:18]} 62. b6 {[%emt 0:00:07]} Kf3 {[%emt 0:00:03]} 63. b7 {[%emt 0:00:05]} Rb2 {[%emt 0:00:05]} 1/2-1/2

[Event "Belt Road Women 2019"]
[Site "Shaoxing"]
[Date "2019.07.17"]
[Round "9.8"]
[White "Soumya, Swaminathan"]
[Black "Li, Xueyi"]
[Result "1-0"]
[WhiteElo "2402"]
[BlackElo "2330"]
[Annotator "TA"]
[PlyCount "93"]
[EventDate "2019.07.08"]
[EventType "swiss"]
[EventCountry "CHN"]
[SourceTitle "playchess.com"]
[Source "ChessBase"]
[SourceQuality "1"]

{[%evp 10,93,9,16,27,14,27,24,23,25,29,24,23,14,23,17,35,48,52,56,59,31,25,0,0,0,0,0,22,0,64,38,115,109,106,55,23,21,25,30,33,15,8,0,0,3,12,10,52,59,173,170,158,172,250,235,245,215,218,210,327,327,288,300,317,220,319,307,600,573,711,796,702,700,627,479,1070,1023,931,925,29973,29974,29997,29998,29998,29999]} 1. e4 c6 2. d4 d5 3. e5 Bf5 4. Nd2 e6 5. Nb3 Nd7 6. Nf3 a6 {B12: Caro-Kann: Advance Variation} (6... Ne7 7. Be2 h6 8. a4 Qc7 9. O-O g5 10. a5 O-O-O 11. Bd2 a6 12. c4 dxc4 13. Bxc4 Nd5 14. Qe2 {0-1 (38) Movsesian,S (2629)-Shankland,S (2725) chess.com INT 2019}) 7. Be2 c5 8. c3 c4 {White has an edge.} 9. Nbd2 $1 {[%cal Bb3d2,Bd2f1,Bf1e3][%mdl 32]} h6 10. Nf1 Ne7 11. Ne3 Bh7 12. g3 Nc6 $146 ({Predecessor:} 12... b5 13. O-O Qa5 14. Bd2 {1-0 (38) Tari,A (2599)-Girya,O (2489) Wijk aan Zee 2018}) 13. O-O Be7 14. Ne1 O-O 15. N1g2 b5 16. Bg4 Bd3 17. Re1 Nb6 18. h4 b4 19. Bh3 Bh7 (19... a5 $11) 20. f4 $1 $14 Kh8 (20... Qb8 $1 $14) 21. f5 $16 f6 22. Nf4 (22. exf6 $1 $16 Bxf6 23. fxe6) 22... fxe5 $14 23. Nxe6 Qd6 $1 24. Nxf8 Rxf8 25. Kg2 exd4 26. cxd4 Bf6 27. Nc2 Qd7 28. Qh5 Nc8 29. Bf4 b3 ({Better is} 29... N8e7 $14) 30. axb3 $18 {[%mdl 64] Discovered Attack} cxb3 31. Ne3 Nxd4 (31... N8e7 $142 32. Kh2 (32. Rxa6 Qb7 $16) 32... Qa7) 32. Rxa6 Nc2 33. Nxc2 bxc2 34. Qe2 d4 (34... Qb7 $142 35. Kh2 d4) 35. Qxc2 Qb7+ 36. Qc6 Qxb2+ 37. Kh1 Ne7 (37... Bg8 $142) 38. Qd6 $1 Bg8 $2 (38... Qb5 39. Qa3 (39. Rxe7 Bxe7 40. Qxe7 Re8 $16) 39... Ng8) 39. Bg2 d3 40. Rxe7 Bxe7 41. Qxe7 Rxf5 {[#]} 42. Qe4 $1 Rxf4 (42... Qxg2+ $142 43. Qxg2 Bd5) 43. Qxf4 d2 44. Rd6 Qc1+ {[#]} 45. Kh2 $1 {White mates.} ({Weaker is} 45. Qf1 Bb3 $16) 45... d1=Q {[#]} 46. Rxh6+ $1 {[%mdl 576] Deflection} gxh6 47. Qf6+ {Accuracy: White = 70%, Black = 43%.} 1-0

[Event "Belt Road Women 2019"]
[Site "Shaoxing"]
[Date "2019.07.17"]
[Round "9.9"]
[White "Batsiashvili, Nino"]
[Black "Li, Yunshan"]
[Result "1-0"]
[WhiteElo "2433"]
[BlackElo "2254"]
[Annotator "TA"]
[PlyCount "115"]
[EventDate "2019.07.08"]
[EventType "swiss"]
[EventCountry "CHN"]
[SourceTitle "playchess.com"]
[Source "ChessBase"]
[SourceQuality "1"]

{[%evp 11,115,18,37,18,28,32,41,10,10,0,33,33,44,69,102,94,92,0,0,0,0,0,0,0,0,-254,-50,-35,-44,-35,35,35,35,35,35,39,62,35,60,44,87,69,77,80,65,25,25,25,25,25,25,25,25,25,25,24,24,24,31,31,129,129,152,146,789,760,726,683,674,670,656,658,656,619,891,941,879,856,722,402,326,0,702,637,933,693,1639,1272,29971,29972,29972,29974,29966,29974,29974,29975,29976,29973,29972,29974,29973,29973,29990,29991,29991,29992]} 1. c4 c5 2. Nc3 Nf6 3. Nf3 d5 4. cxd5 Nxd5 5. e3 Nxc3 6. bxc3 g6 7. h4 {A34: Symmetrical English: 2 Nc3, lines with ...d5} (7. Bb5+ Bd7 8. a4 Bg7 9. O-O O-O 10. d4 Qc7 11. h3 Rd8 12. Qe2 Nc6 13. Ba3 b6 14. dxc5 bxc5 15. Bxc5 {½-½ (114) Wang,H (2718)-Inarkiev,E (2692) Sharjah 2019}) 7... Bg7 8. h5 Nc6 {[%cal Bb8c6,Bc6e5,Be5d3][%mdl 32]} 9. Qb3 {White is slightly better.} Qc7 10. Ng5 O-O $146 ({Predecessor:} 10... e6 11. Ne4 b6 12. h6 Bf8 13. Nf6+ Ke7 14. Ne4 f6 {1-0 (51) Kozlov,A (2183)-Ivanov,V (2310) ICCF email 2009}) 11. hxg6 hxg6 12. Qc4 Ne5 13. Qh4 {[%csl Gg5,Gh1][%cal Rh4h7]} Rd8 {[#]} 14. f4 (14. Be2 $1 $16) 14... Nd3+ $1 $11 15. Bxd3 $1 Rxd3 16. Bb2 {c4 is the strong threat.} Qb6 17. O-O-O $1 Be6 18. g4 $2 {[%mdl 8192]} (18. Qh7+ $11 {and White is okay.} Kf8 19. Nxe6+ Qxe6 20. c4 Qxc4+ 21. Kb1) 18... Rad8 $2 (18... Bxa2 $19 {And now ...Rad8 would win.} 19. f5 Rad8) 19. Nxe6 $15 Qxe6 20. f5 Qf6 (20... Qd6 $15 21. Qh2 Qxh2 22. Rxh2 c4) 21. fxg6 $14 {Black must now prevent Qh7+.} ({Of course not} 21. g5 Qxf5 22. Rdf1 Qe6 $17) 21... Qxh4 22. gxf7+ Kxf7 23. Rxh4 Kg6 24. Rh2 R8d5 25. Rf1 b5 26. Rf5 e6 27. Rxd5 Rxd5 28. c4 bxc4 29. Bxg7 Kxg7 $11 {[%mdl 4096] Endgame KR-KR} 30. Kc2 Rd3 $1 31. Rh5 Ra3 $1 32. Rxc5 Rxa2+ 33. Kc3 Ra3+ 34. Kb2 Ra4 35. g5 Kg6 (35... Kf7 $14) 36. Kc3 $16 Kh5 37. Re5 ({And not} 37. Rxc4 Rxc4+ 38. Kxc4 Kxg5 $11) 37... Ra6 $2 {[%mdl 8192]} (37... Ra2 $16 38. Rxe6 Kxg5) 38. Kxc4 $18 Rc6+ 39. Kd3 Rd6+ 40. Ke2 Kg6 41. e4 Kf7 42. Ra5 a6 43. Ke3 Kg7 44. d4 Kg6 45. Re5 Rb6 46. Ra5 $2 (46. Kd2) 46... Rd6 $1 47. Rc5 Rb6 48. Kf4 Rd6 49. Ke5 Rb6 50. d5 {White mates.} exd5 51. exd5 Rb1 52. d6 Re1+ 53. Kd5 Kf7 54. Rc7+ Ke8 55. g6 Rd1+ 56. Kc6 {[%cal Rc7c8]} Rc1+ 57. Kb7 {[%mdl 64] [#] Discovered Attack} Rb1+ 58. Kc8 {Accuracy: White = 67%, Black = 50%.} 1-0

[Event "Belt Road Women 2019"]
[Site "Shaoxing"]
[Date "2019.07.17"]
[Round "9.10"]
[White "Song, Yuxin"]
[Black "Zhang, Xiao"]
[Result "1/2-1/2"]
[WhiteElo "2277"]
[BlackElo "2259"]
[Annotator "TA"]
[PlyCount "113"]
[EventDate "2019.07.08"]
[EventType "swiss"]
[EventCountry "CHN"]
[SourceTitle "playchess.com"]
[Source "ChessBase"]
[SourceQuality "1"]

{[%evp 17,113,0,13,14,77,79,78,55,61,54,68,57,61,50,83,72,160,78,75,72,75,75,75,72,77,76,127,124,128,130,129,129,129,101,107,95,102,87,147,152,146,98,91,105,105,105,102,88,306,297,360,375,374,365,512,184,185,184,185,185,189,185,185,185,185,186,233,171,233,179,212,179,423,179,179,179,179,179,179,179,179,179,222,179,224,179,224,224,215,179,193,193,223,193,215,179,193,0]} 1. d4 d5 2. Nf3 Nf6 3. g3 e6 4. Bg2 c5 5. O-O Nc6 6. c4 dxc4 7. Ne5 Bd7 8. Na3 {[%cal Bb1a3,Ba3c4,Bc4e5][%mdl 32]} cxd4 9. Naxc4 Be7 10. Qb3 {E04: Open Catalan: 5 Nf3} Nxe5 (10... Qc7 $11 11. Bf4 Nh5) (10... Qc7 11. Bf4 Nh5 12. Nxc6 Nxf4 13. Nxe7 Nxg2 14. Qb4 a5 15. Nd5 exd5 16. Nd6+ Kf8 17. Qa3 Kg8 {0-1 (42) Adly,A (2620)-Harikrishna,P (2743) Batumi 2018}) 11. Nxe5 $16 Qb6 12. Qxb6 {White is better.} axb6 13. Bxb7 Ra7 14. Bf3 O-O 15. Rd1 Bc5 16. b3 $146 ({Predecessor:} 16. Bd2 Rd8 17. Be1 Bb5 {1-0 (68) Javakhadze,Z (2413)-Chigladze,I (2395) Kesan 2012}) 16... Ne8 (16... Bb4 $142) 17. b4 (17. Bb2 $142) 17... Bxb4 18. Rxd4 Bc3 19. Rxd7 Ra6 20. Bb7 Ra4 21. Bc6 Ra6 (21... Bxa1 $142 22. Bxa4 Bxe5) 22. Rb1 Bxe5 23. a4 $36 {[%mdl 2048] Black is under strong pressure.} Nf6 24. Rd3 Rb8 25. e4 h5 26. f4 Bc7 27. Rb4 Rd8 (27... Bd8 $142) 28. Rxd8+ Bxd8 29. Be3 Ng4 30. Bd4 e5 31. fxe5 Bc7 32. Bb5 Ra7 $2 {[#]} (32... Ra8 $16) 33. Rc4 $1 $18 Bxe5 34. Bxb6 Rb7 35. a5 Bf6 (35... Kh7 $142 36. h3 Nf6) 36. a6 $2 (36. Rc8+ Kh7 37. Kg2) 36... Rxb6 37. a7 Rxb5 38. a8=Q+ Kh7 39. e5 Rb1+ 40. Kg2 {Threatens to win with Qe4+.} Rb2+ 41. Kf1 {And now Qe4+ would win.} Nxe5 {[#]} 42. Rc2 $1 {[%mdl 512]} Rb4 (42... Rb1+ {was called for.} 43. Kg2 g6) (42... Rxc2 43. Qe4+) 43. Kg2 Rd4 44. Re2 {Hoping for Qa5.} Rd7 $2 {[#]} (44... g6 {was necessary.} 45. Qa7 Rd8) 45. Qc8 (45. Rxe5 $142 $1 {[%mdl 512]} Rd2+ (45... Bxe5 46. Qe4+) 46. Kh3 Bxe5 47. Qe4+ {[%mdl 64] Double Attack} g6 48. Qxe5) 45... g6 {White is clearly better.} 46. Qe8 Re7 47. Qf8 Re6 48. Ra2 Bg7 49. Qc8 Rb6 50. Qc7 Re6 51. Re2 Kg8 52. Qd8+ Kh7 53. Qd5 Kg8 54. Rf2 Re8 55. Qb7 Kh7 56. Re2 Kg8 57. Qd5 $2 {Accuracy: White = 52%, Black = 36%.} (57. Ra2 $18) 1/2-1/2